| Tag |
First Indicator |
Second Indicator |
Subfields |
| LEADER |
00000cam a2200000 4500 |
| 001 |
in00000065053 |
| 005 |
20151008051217.0 |
| 008 |
740304s1959 mau b 00000 eng u |
| 010 |
|
|
|a 59011513
|
| 035 |
|
|
|a (OCoLC)00818704
|
| 035 |
|
|
|9 AAG6471AM
|
| 040 |
|
|
|c WPG
|d TXA
|d UtOrBLW
|
| 049 |
|
|
|a TXAM
|c [320303]
|
| 050 |
|
0 |
|a HD9999.C743
|b U66
|
| 092 |
|
|
|a 338.4767368
|b M158t
|
| 100 |
1 |
|
|a McKie, James W.
|
| 245 |
1 |
0 |
|a Tin cans and tin plate ;
|b a study of competition in two related markets.
|
| 264 |
|
1 |
|a Cambridge, Mass. :
|b Harvard University Press,
|c 1959.
|
| 300 |
|
|
|a xii, 321p :
|b illustrations ;
|c 25cm.
|
| 336 |
|
|
|a text
|b txt
|2 rdacontent
|
| 337 |
|
|
|a unmediated
|b n
|2 rdamedia
|
| 338 |
|
|
|a volume
|b nc
|2 rdacarrier
|
| 490 |
1 |
|
|a Harvard University series on competition in American industry,
|v 5
|
| 504 |
|
|
|a Bibliography: pages [311]-315.
|
| 650 |
|
0 |
|a Tinplate.
|
| 650 |
|
0 |
|a Container industry
|z United States.
|
| 830 |
|
0 |
|a Harvard University series on competition in American industry ;
|v 5.
|
| 999 |
|
|
|a MARS
|
| 999 |
f |
f |
|s 37dbf0c3-f315-35fe-8cae-9c722b12ab21
|i 917c7ad0-2542-382b-b710-acee17db57a3
|t 0
|
| 952 |
f |
f |
|p ric
|a Texas A&M University
|b Rellis Campus
|c Joint Library Facility
|d Remote Storage
|t 0
|e HD9999.C743 U66
|h Library of Congress classification
|i unmediated -- volume
|m A14800766425
|
| 998 |
f |
f |
|a HD9999.C743 U66
|t 0
|l Remote Storage
|